|
|
|
|
| LEADER |
00735ncm a22002292a 4500 |
| 001 |
001230043 |
| 003 |
CZ BrMZK |
| 005 |
20120712095513.0 |
| 007 |
qu |
| 008 |
120712s1907 xr |||||||||||||||||zxx d |
| 040 |
|
|
|a BOA001
|b cze
|
| 072 |
|
7 |
|a 786
|x Hudba pro klávesové nástroje
|2 Konspekt
|9 9
|
| 100 |
1 |
|
|a Bohm, Carl,
|d 1844-1920
|7 ola2008474827
|4 cmp
|
| 245 |
1 |
0 |
|a Na ledě
|h [hudebnina] :
|b valčík pro klavír na 2 ruce /
|c Karl Bohm
|
| 260 |
|
|
|a Praha :
|b Barvitius,
|c 1907
|
| 300 |
|
|
|a 9 s.
|
| 490 |
1 |
|
|a Barvitiova edice ;
|v č. 436
|
| 830 |
|
0 |
|a Barvitiova edice
|
| 910 |
|
|
|a BOA001
|b Mus4-0599.257
|
| 990 |
|
|
|a MU
|
| 991 |
|
|
|b 201207
|
| 996 |
6 |
|
|b 2619093564
|c Mus4-0599.257
|l MZK
|r Sklad / do 1 hodiny
|n 0
|w 001263854
|u 000010
|a 1
|e BOA001
|j MZK50
|s P
|